000 01075nam a2200301 i 4500
001 184935
003 SpMaBN
005 20250930063157.0
008 160219s2003 sp o |||| | spa d
020 _a84-8191-518-1
080 _a355.4(100):623.459"19"
080 _a323.28(100)"19"
100 1 _aSloterdijk, Peter,
_d1947-
_9159830
245 1 0 _aTemblores de aire
_b: en las fuentes del terror /
_cPeter Sloterdijk ; prólogo y selección fotográfica de Nicolás Sánchez Durá ; traducción de Germán Cano.
250 _a1ª ed.
260 _aValencia :
_bPre-Textos,
_c2003.
300 _a142 p. :
_bfot. ;
_c19 cm.
490 1 _aPre-textos ;
_v625. Ensayo
504 _aReferencias bibliográficas.
594 _aTrad. de: Luftbeben.
650 7 _aGuerra biológica.
_9138688
650 7 _aBioterrorismo.
_9138753
700 1 _aSánchez Durá, Nicolás.
_9102619
700 1 _aCano, Germán.
_934529
830 0 _aPre-textos ;
_v625. Ensayo
_9178641
852 _aES-MaACL
_jL-30211
_z. - Donat. Miguel A. Velasco
999 _c184935
_d184935